000 00489nam a2200181 4500
003 LK-CoMWRAF
005 20230903070222.0
008 230903b1967 |||||||| |||| 00| 0 eng d
040 _aLK-CoMWRAF
_dLK-CoMWRAF
_eLK-CoMWRAF
041 _aeng
082 _a822.33
_bSHA
100 _aShakespeare, William
245 _aThe Merchant of Venice
300 _aEngland :
_bPenguin books,
_c1967
650 _aDrama in English
650 _aWilliam Shakespeare-Merchant of Venice
942 _cBK
999 _c3383
_d3383